LDR 00673naa#a2200157#i#450# 001 EN\\bibl\20028 005 20260701233919.3 100 ## _a20260630b2026####ek#y0engy0150####ca 102 ## _aRU 200 1# _aINTEGRATION OF SYSTEM ANALYSIS AND BUSINESS PROCESS MODELING AS A BASIS FOR EFFECTIVE TRANSFORMATION _eConference article/thesis 210 1# _aVoronezh _cFSBE Institution of Higher Education Voronezh State University of Forestry and Technologies named after G.F. Morozov _d2026 215 ## _a8 с. 608 ## _aConference article/thesis _2local 675 ## _aСистемный уровень. Системный анализ. 303.732 _z 700 #1 _aStryukova _gA. S. 856 4# _abibl.vgltu.ru _u